000 00816nam a22002297a 4500
999 _c133788
_d133788
005 20181116144608.0
010 _aB-108210 B-108227 B-108227
020 _c55.00
_a8123738609
035 _aB-108210, B-108224, B-108227 B-108227
037 _bCen Lib/Ret
082 _a921
_bMOO
100 _aMOON, Vasant
245 _aDr. Babasaheb Ambedkar /
_cby Vasant Moon;translated by Asha Damle
260 _aNew Delhi
_bNational Book Trust
_c2002
270 _bNew Delhi
_aA-5, green park
_e110016
300 _a224p.
_c19m(pbk)
650 _aAmbedkar, B. R. -- (Bhimrao Ramji), -- 1891-1956 -- Pictorial works
650 _aStatesmen -- India -- Biography -- Pictorial works
700 _aDamle, Asha
_973705
942 _2ddc
_cEN
_h921
_mMOO